000 00421nam a2200181Ia 4500
008 151202s9999||||xx |||||||||||||| ||und||
082 _bPNVM-5714
100 _aSIVANANDA SARSWAT.
245 _aRAJA YOGA.
260 _bP.K.VINAYGAM MADRAS.
260 _c1937
300 _a0
600 _aSIVANANDA SARSWAT.
630 _aRAJA YOGA.
700 _aSIVANANDA SARSWAT.
730 _aRAJA YOGA.
942 _cBOOK
999 _c1271708
_d1271705